Logo BPK

Biblioteka

Politechniki Koszalińskiej

Windows 2003 Server : (Rekord nr 55946)

Szczegóły MARC
000 -ETYKIETA REKORDU
podpole kontrolne o stałej długości 00953nam a2200301 i 4500
001 - NUMER KONTROLNY REKORDU
pole kontrolne bg
020 ## - MIĘDZYNARODOWY ZNORMALIZOWANY NUMER KSIĄŻKI - ISBN
ISBN 8373612076
040 ## - ŹRÓDŁO KATALOGOWANIA
Instytucja, która utworzyła rekord BPK
041 1# - KOD JĘZYKA
Kod języka tekstu pol
Kod języka oryginału eng
044 ## - KOD KRAJU WYDAWCY/PRODUCENTA
Kod kraju wydawcy/producenta POL
080 ## - UNIWERSALNA KLASYFIKACJA DZIESIĘTNA - UKD
UKD 004.451(07)
920 ## - Międzynarodowy znormalizowany numer książki – ISBN
ISBN 83-7361-207-6
008 - POLE O STAŁEJ DŁUGOŚCI - DANE KONTROLNE
podpole kontrolne o stałej długości s pl f |000 0 pol
245 00 - TYTUŁ/ODPOWIEDZIALNOŚĆ
Tytuł Windows 2003 Server :
Ciąg dalszy tytułu księga eksperta /
Pozostałe elementy strefy tytułu i oznaczenia odpowiedzialności [Rand Morimoto et al. ; tł. Adam Jarczyk, Tomasz Miszkiel, Piotr Pilch].
246 3# - WARIANT TYTUŁU
Treść wyrażenia wprowadzającego Tyt. oryg. :
Tytuł Microsoft Windows Server 2003 unleashed
260 ## - STREFA ADRESU WYDAWNICZEGO
Miejsce wydania Gliwice :
Nazwa wydawcy/dystrybutora Wydawnictwo Helion,
Data publikacji, dystrybucji/powstania dokumentu 2004
300 ## - STREFA OPISU FIZYCZNEGO
Objętość 1173 s. :
Inne cechy fizyczne il. ;
Rozmiary 25 cm.
500 ## - UWAGI OGÓLNE
Tekst uwagi Nazwy aut. na okł.
504 ## - UWAGA DOTYCZĄCA BIBLIOGRAFII
Informacje o bibliografii Indeks.
650 #9 - HASŁO PRZEDMIOTOWE W FORMIE NAZWY OGÓLNEJ LUB JEDNOSTKOWEJ
Nazwa ogólna lub geograficzna Windows 2003 Server
655 ## - TERMIN INDEKSOWY - OKREŚLENIE RODZAJU/FORMY DOKUMENTU
Określenie rodzaju/formy dokumentu Podręczniki
700 1# - HASŁO DODATKOWE - NAZWA OSOBOWA
Nazwa osobowa Morimoto, Rand.
700 1# - HASŁO DODATKOWE - NAZWA OSOBOWA
Nazwa osobowa Jarczyk, Adam.
700 1# - HASŁO DODATKOWE - NAZWA OSOBOWA
Nazwa osobowa Miszkiel, Tomasz.
700 1# - HASŁO DODATKOWE - NAZWA OSOBOWA
Nazwa osobowa Pilch, Piotr.
856 ## - LOKALIZACJA I DOSTĘP DO ELEKTRONICZNYCH DOKUMENTÓW ZDALNYCH
Link (URL) http://koha.tu.koszalin.pl/cgi-bin/koha/opac-detail.pl?biblionumber=55946
Tekst linku Katalog online BPK
942 ## - DODATKOWE ELEMENTY (KOHA)
Typ dokumentu Książka
Egzemplarze
Wycofany Status egzemplarza Uszkodzony Dostępność Lokalizacja stała Lokalizacja bieżąca Miejsce przechowywania Sygnatura Kod kreskowy Ostatnio wypożyczono Typ dokumentu
      Dostępny Biblioteka Politechniki Koszalińskiej Biblioteka Politechniki Koszalińskiej Wypożyczalnia BG 89934 02463117 21.02.2013 Książka
      Dostępny Biblioteka Politechniki Koszalińskiej Biblioteka Politechniki Koszalińskiej Wypożyczalnia BG 89935 02463100   Książka
© 2023 Biblioteka Politechniki Koszalińskiej :: KOHA